000 00558nam a2200193Ia 4500
003 IN-BaIIA
008 211028s9999 xx 000 0 eng d
040 _cIIA Library
080 _a92:52
_bBAB
100 _aBabcock, H. D.
_95255
245 0 _aNotes for an intellectual auto-biography
_cH. D. Babcock
300 _a34p.
500 _aTyped copy
650 _abiography
_91224
650 _aBiography-H D Babcock
_95256
650 _aH D Babcock Biography
_95257
650 _aNASA Thesaurus
942 _cBK
999 _c2946
_d2946